000
00257nam a2200109Ia 4500
008
220204s9999 xx 000 0 und d
082
_a
82-3
_b
MOY
100
_a
Moynahan, Brian
245
0
_a
Airport international
260
_a
London
_b
Pan
_c
1979
942
_c
BK
999
_c
32626
_d
32626